000 00548cam a22002053a 4500
001 42563
003 PGUSA
005 20140828083949.0
008 130420s2013||||xxu|||||s|||||000 | eng d
040 _aPGUSA
_beng
042 _adc
100 1 _aDelpit, Édouard
245 1 0 _aYvonne
_h[electronic resource] /
_cÉdouard Delpit
260 _bProject Gutenberg,
_c2013
506 _aPublic domain in the USA.
516 _aElectronic text
830 0 _aProject Gutenberg
_v42563
856 4 0 _uhttp://www.gutenberg.org/ebooks/42563
942 _cEB
999 _c271815
_d271815